000 00968nam a22003137a 4500
001 BR9508767
003 BR-BrBNA
005 20230928094743.0
007 ta
008 230509b bl.||||| |||| 00| 0 por d
040 _aBR-BrBNA
_bpor
_cBiblioteca Nacional de Agricultura
041 _a(Por)
072 _aE50; E14
090 _ E50 BR9508767
100 1 _aSilvestro, M.L.
110 1 _aUniversidade Federal Rural do Rio de Janeiro, Itaguai (Brasil). Inst. de Ciencias Humanas e Sociais
_911236
245 1 _aTransformacoes da agricultura familiar e estrategias de reproducao: o caso do oeste catarinense
260 3 _aItaguai, RJ (Brasil):
_c1995.
300 _a349 P.
650 _aMigracao Rural
650 _aColonizacao
650 _aPequeno Produtor
650 _aTecnologia Agricola
650 _aAssistencia Tecnica
650 _aDesenvolvimento Rural
650 _aSanta Catarina
909 _a202309
_bLucia
_c55
_dLucia Elande
942 _cBK
999 _c52455
_d52455